Bộ Luật lao động

Sách gồm 16 chương giới thiệu các qui định tổng quát, về sự tập nghề, khế ước lao động, bao công (làm khoán), ...

שמור ב:
מידע ביבליוגרפי
פורמט: ספר
שפה:Undetermined
יצא לאור: Sài Gòn Nhà in Các Công Báo 1962
נושאים:
תגים: הוספת תג
אין תגיות, היה/י הראשונ/ה לתייג את הרשומה!
Thư viện lưu trữ: Trung tâm Học liệu Trường Đại học Cần Thơ
LEADER 00787nam a2200193Ia 4500
001 CTU_204547
008 210402s9999 xx 000 0 und d
082 |a 344.59701 
082 |b B450 
245 0 |a Bộ Luật lao động 
245 0 |c Bộ Lao động (Việt Nam Cộng hòa) 
260 |a Sài Gòn 
260 |b Nhà in Các Công Báo 
260 |c 1962 
520 |a Sách gồm 16 chương giới thiệu các qui định tổng quát, về sự tập nghề, khế ước lao động, bao công (làm khoán), ... 
650 |a Labor laws and legislation,Luật và pháp luật về lao động 
650 |z Vietnam,Việt Nam 
904 |i Hải 
980 |a Trung tâm Học liệu Trường Đại học Cần Thơ